Bryophytes of Anamudi shola National park in western Ghats of Kerala, india/ (Record no. 186983)
[ view plain ]
| 000 -LEADER | |
|---|---|
| fixed length control field | 00746nam a22002177a 4500 |
| 005 - DATE AND TIME OF LATEST TRANSACTION | |
| control field | 20220401123217.0 |
| 010 ## - LCCN (DPL NO) | |
| LC control number | ENG-132117 |
| 020 ## - INTERNATIONAL STANDARD BOOK NUMBER | |
| International Standard Book Number | 978190343053 |
| Terms of availability | 4500.00 |
| 035 ## - SYSTEM CONTROL NUMBER | |
| System control number | EN-115649 |
| 037 ## - SOURCE OF ACQUISITION | |
| Source of stock number/acquisition | DBAD/PUB |
| 082 ## - DEWEY DECIMAL CLASSIFICATION NUMBER | |
| Classification number | 588.095483 |
| 100 ## - MAIN ENTRY--PERSONAL NAME | |
| Personal name | Mufeed, B |
| 245 ## - TITLE STATEMENT | |
| Title | Bryophytes of Anamudi shola National park in western Ghats of Kerala, india/ |
| Statement of responsibility, etc | B Mufeed, C.N. Manju & K.P. Rajesh |
| 260 ## - PUBLICATION, DISTRIBUTION, ETC. (IMPRINT) | |
| Place of publication, distribution, etc | Kerala |
| Name of publisher, distributor, etc | Center for Research in Indigenous knowledge , scinece & Culture(CRIKSC) |
| Date of publication, distribution, etc | 2021 |
| 270 ## - ADDRESS | |
| Address | D - 37 , Jawahar Nagar , Kozhikode |
| City | kerala, |
| 300 ## - PHYSICAL DESCRIPTION | |
| Extent | xiii, 458p |
| Dimensions | 24cm(hbk) |
| Other physical details | Bibliography |
| 700 ## - ADDED ENTRY--PERSONAL NAME | |
| Personal name | Manju, C.N. |
| 700 ## - ADDED ENTRY--PERSONAL NAME | |
| Personal name | Mufeed, B. |
| 700 ## - ADDED ENTRY--PERSONAL NAME | |
| Personal name | Rajesh, K.P. |
| 942 ## - ADDED ENTRY ELEMENTS (KOHA) | |
| Source of classification or shelving scheme | Dewey Decimal Classification |
| Item type | English Books |
| Call number suffix | BRY |
| Classification part | 588.095483 |
| Withdrawn status | Lost status | Not for loan | Collection code | Home library | Current library | Date acquired | Source of acquisition | Cost, normal purchase price | Full call number | Barcode | Copy number | Cost, replacement price | Koha item type |
|---|---|---|---|---|---|---|---|---|---|---|---|---|---|
| Not For Loan | Non-fiction | Ashok Vihar | Ashok Vihar | 24/03/2022 | DBAD | 4500.00 | 588.095483 MUF | EN-115649 | 1 | 4500.00 | English Books |
